Famous People Named Fitzgerald - Statistics

General Stats
  • This quiz has been taken 133 times
  • The average score is 4 of 6
Answer Stats
Life Hint Person % Correct
1917–1996 American jazz singer known as the "First Lady of Song" Ella Fitzgerald
90%
1896–1940 American writer of The Great Gatsby F. Scott Fitzgerald
86%
1917–1963 Was president of the United States of America John F. Kennedy
77%
1895–1986 The ship named after him sunk in Lake Superior in 1975. Edmund Fitzgerald
45%
1900–1948 Jazz Age flapper whose husband wrote The Great Gatsby Zelda Fitzgerald
40%
1888–1961 Irish actor of Bringing Up Baby and Going My Way Barry Fitzgerald
14%
No matching quizzes found
Score Distribution
Percent of People with Each Score
Percentile by Number Answered
Your Score History
You have not taken this quiz